[Event "KASK - Jean Jaurès II  1-5"]
[Site "?"]
[Date "2018.09.30"]
[Round "1"]
[White "Witt, Rob"]
[Black "Dijkstra, Bart"]
[Result "1-0"]
[WhiteElo "2139"]
[BlackElo "2030"]
[Annotator "Witt"]
[PlyCount "93"]
[EventDate "2018.??.??"]

{Vandaag is de Belgische clubcompetitie (Interclubs) weer van start gegaan.
Het eerste team van Jean Jaurès zou het zwaar krijgen in de uitwedstrijd in
het verre Amai en uiteindelijk met 5½-2½ verliezen. Alje Hovenga, Abe
Willemsma en ik kwamen uit voor het tweede team dat moest aantreden in
Antwerpen tegen het eens zo roemruchte KASK (Koninklijke Antwerpse Schaak
Kring). De speelomstandigheden (te smalle tafels, slechte stoelen, kleine
notitieblaadjes) waren niet ideaal, maar als je de wedstrijd vrj makkelijk met
5-1 wint, heb je daar minder last van. Mijn tegenstander was een 51-jarige
Amsterdammer die zich 20 jaar geleden in Antwerpen had gevestigd.} 1. d4 g6 2.
e4 Bg7 3. c4 ({In de knsb speelde ik} 3. Nf3 {maar deze keer wilde ik een
eventuele overgang naar de Sämischvariant van de KID niet uitsluiten.}) 3...
c5 {het zou nu een Benoni kunnen worden, maar ik heb liever een Maroczy.} 4.
Nf3 cxd4 {Zwart heeft hier ook allerlei andere zetten.} 5. Nxd4 Nc6 6. Be3 Nf6
7. Nc3 d6 8. Be2 O-O 9. O-O Bd7 {Via zetverwisseling hebben we nu een bekende
Maroczy op het bord.} 10. h3 {Ik wilde een wat minder gebruikelijke aanpak
proberen die zich de laatste jaren in een zekere populariteit mag verheugen.} (
{Ik heb zowel met wit als met zwart de volgende hoofdvariant vaak op het bord
gehad.} 10. Qd2 Nxd4 11. Bxd4 Bc6 12. f3 a5 13. b3 Nd7 14. Be3 Nc5 {enz.})
10... Rc8 {Hier ben ik 'out of book'. Ik had nu enige moeite om de juiste
zetten te vinden omdat ik gehinderd werd door enige kennis van zaken van de
volgende variant:} (10... Nxd4 11. Bxd4 Bc6 12. Qc2 a5 13. Rad1 Nd7 14. Bxg7
Kxg7 15. Bg4 Ne5 16. c5 {en wit scoort geweldig met deze variant.}) 11. f4 {
Als je niks weet, zet je gewoon je dame op d2 en een toren op c1. En dat is
waarschijnlijk ook beter dan wat ik doe. Soms kun je beter niks weten.} a6 {
Wit moet nu oppassen voor Pa5 en b5.} 12. Qd2 {Ik had hier ook veel tijd
besteed aan allerlei paardzetten met mijn Pd4, maar daar kwam ik niet uit.} Na5
({Zwart had ook kunnen kiezen voor} 12... b5 13. cxb5 Nxd4 14. Bxd4 Bxb5 {
en ik betwijfel of wit iets heeft.}) 13. b3 Nc6 {A tempo gespeeld door mijn
tegenstander.} ({Ik had me vooral het hoofd gebroken over} 13... b5 {en plande
daarop} 14. e5 dxe5 15. fxe5 b4 ({of} 15... Ne8 16. Rad1 bxc4 17. b4 $16) 16.
Nd5 Nxd5 17. cxd5 Bxe5 18. Qxb4 {wat me goed voor wit leek.}) 14. Rac1 (14.
Rad1 $5) 14... Qa5 (14... b5 {had ik als iets beter voor wit getaxeerd na} 15.
cxb5 Nxd4 16. Bxd4 axb5 (16... Rxc3 $2 17. Qxc3 Nxe4 18. Qe3 {is niks voor
zwart.}) 17. e5 dxe5 18. fxe5 $14) 15. Nc2 $5 {Waarschijnlijk de beste zet na
10 minuten.} Rfe8 ({Ik had gezien dat} 15... Ng4 $2 {niks is wegens} 16. b4
Nxb4 17. hxg4 $18) 16. a3 Qc7 17. b4 Nd8 18. Nd4 {Wit staat natuurlijk beter,
maar de zwarte stelling is toch moeilijk te kraken als zwart zorgvuldig niets
doet. Gelukkig hebben veel spelers het geduld niet om niets te doen.} e5 $2 (
18... Qb8) 19. fxe5 dxe5 {A tempo gespeeld.} ({Ook na} 19... Rxe5 {heeft wit
groot voordeel na} 20. Rxf6 Bxf6 21. Nd5 Rxd5 22. exd5 $16) 20. Nb3 $1 {
Ik zag aan de lichaamstaal van Bart dat dit onverwacht kwam.} Be6 21. Nc5 {
Niet de beste voortzetting maar goed genoeg.} (21. Bg5) 21... Nd7 $2 ({Taaier
was} 21... Nc6 22. Bg5 Qe7) 22. Nd5 Bxd5 (22... Qb8 23. Nxd7 Bxd7 24. Nb6 $18)
23. cxd5 Nxc5 24. bxc5 $18 {Wit heeft een droomstelling. Ik moet alleen nog
zorgen dat mijn aandacht niet verslapt.} h5 25. g4 Qd7 26. Kh2 (26. gxh5 $1
Qxh3 27. Rf2 {is wat harder.}) 26... Qa4 27. Qb4 {Lui gespeeld.} ({Ik had niet
gezien dat} 27. gxh5 Qxe4 $2 {niet kon wegens} 28. Rc4 {met damewinst.}) 27...
Qxb4 28. axb4 hxg4 29. Bxg4 Rb8 30. Bg5 f5 31. exf5 Nf7 32. Bh4 g5 33. Bg3 Bf6
34. Rfe1 Rbd8 35. Bf3 Kg7 36. d6 b6 37. Bc6 Rh8 38. Kg2 a5 39. bxa5 bxc5 40. d7
Rb8 41. Rb1 Ra8 42. Bxa8 Rxa8 43. Rb5 Ra7 44. Rd1 Bd8 45. Rxc5 Kf6 46. Rc6+ Ke7
47. a6 {En Bart feliciteerde me. Abe luisterde zijn debuut voor Jean Jaurès
op met een overwinning en na winst van teamleider Chris Ghysels en Joris
Deberdt en remises van Alje en de 12-jarige Igor Vanduyfhuys konden we een
prima 5-1 overwinning noteren. Op de terugweg konden wij Abe kennis laten
maken met restaurant Dikke Mee in Sint-Job-in-'t-Goor en dat beviel weer goed.}
1-0

[Event "Caissa II - AAS 21/2-51/2"]
[Site "?"]
[Date "2018.10.06"]
[Round "2"]
[White "Witt, Rob"]
[Black "Rudolph, Johannes"]
[Result "1/2-1/2"]
[WhiteElo "2141"]
[BlackElo "2336"]
[Annotator "Witt"]
[PlyCount "29"]
[EventDate "2018.??.??"]

{Mijn tegenstander arriveerde een half uur te laat. Hij vertelde dat het 40
minuten duurde om zijn auto te parkeren in de parkeergarage Zeeburgertunnel.
Zelf vind ik het lastig om de concentratie te vinden als je een half uurtje
rondgelopen hebt zonder te weten of je nog gaat spelen.} 1. c4 e6 {Weg
voorbereiding. Ik had gezien dat hij op 1.d4 Slavisch speelde en op 1.c4 c6} (
1... c6) 2. Nf3 d5 3. e3 ({Normaal zou ik hier} 3. d4 {spelen met overgang
naar het Katalaans of Damegambiet. Maar ik besloot geen hoofdvarianten te
spelen omdat mijn tegenstander een hallf uur minder had en zo ook vanaf het
begin moest nadenken. Achteraf misschien niet zo'n goede strategie.}) 3... Nf6
4. b3 Nbd7 5. Bb2 c6 6. Qc2 b6 {Na 10 minuten.} ({Meestal gaat zwart verder met
} 6... Bd6 7. Nc3 O-O {Wit kan dan rustig spelen met} 8. Be2 ({of agressief met
} 8. Rg1 {gevolgd door g4.})) 7. Nc3 Bb7 8. d4 {Ik besloot toch maar af te
zien van een plan met Tg1 en g4. In teamwedstrijden wil ik liever geen risico
nemen als het niet hoeft.} (8. Be2 Bd6 9. Rg1 c5 10. g4 O-O 11. g5 {1-0 (23)
Reinderman,D (2573)-Admiraal,M (2448) Netherlands 2017}) 8... Rc8 9. cxd5 $2 {
Nieuw en niet aan te bevelen.} ({De meeste partijen gaan verder met} 9. Bd3 c5
10. Qe2 dxc4 11. bxc4 Bd6 12. O-O O-O 13. Rad1 {1-0 (33) Horvath,C (2497)-De
Rover,Y (2401) Belgium 2018}) 9... Nxd5 {Na 10 minuten. Die kwam een beetje
onverwacht.} ({Gezien het ratingverschil dacht ik dat zwart zou kiezen voor} 
9... exd5 {om de symmetrie te doorbreken.}) ({Het beste is echter toch} 9...
cxd5 {en wit moet een beetje oppassen. Het beste leek me} 10. a3 ({Slecht is} 
10. Bd3 $2 Ne4 $15)) 10. Nxd5 (10. e4 Nxc3 11. Qxc3 {leek me geen kansrijke
winstpoging.}) 10... cxd5 11. Qd2 Bd6 12. Bd3 Nf6 13. O-O Ne4 14. Qe2 O-O 15.
Rfc1 {Met remiseaanbod wat Johannes accepteerde toen hij nog een kwartier over
had. Op zich is AAS sterker dan wij, maar de 5½-2½ nederlaag was wel erg
geflatteerd.} 1/2-1/2

[Event "Caissa intern 2018-2019"]
[Site "?"]
[Date "2018.10.09"]
[Round "5"]
[White "Witt, Rob"]
[Black "Haver, Daan"]
[Result "0-1"]
[WhiteElo "2141"]
[BlackElo "2177"]
[Annotator "Witt"]
[PlyCount "74"]
[EventDate "2018.??.??"]

{In de 5e ronde (voor mij 2e) kreeg ik de jonge Daan Haver als tegenstander.
Begin dit jaar had ik in de knsb-wedstrijd tegen Santpoort remise gespeeld
tegen zijn tweelingbroer Bas.} 1. d4 Nf6 2. c4 e6 3. Nf3 d5 {Ik besloot maar
weer eens het Katalaans van stal te halen.} 4. g3 dxc4 5. Bg2 Nc6 {Dit systeem
heb ik zowel met wit als met zwart gespeeld. Daan zij na afloop dat hij zelf
met wit Katalaans speelt en dit een van de lastigste varianten vond.} 6. Qa4
Bb4+ 7. Bd2 Nd5 8. Bxb4 ({Ik was vergeten dat Avrukh in de 2e druk (2015) van
zijn 1. d4-bijbel zijn hoofdvariant met 8.Lxb4 vervangen heeft door} 8. Qb5 $5
{Daan wist het wel, maar hij was niet zo overtuigd van de kracht van Db5.
Volgens hem spelen veel topspelers tegenwoordig nog steeds de oude
hoofdvariant met 8.Lxb4 met name in rapid- en snelschaakpartijen.}) 8... Ndxb4
9. Na3 $6 {Een ezel stoot zich niet tegen dezelfde steen, maar ik dus wel.
Twee jaar geleden maakte ik dezelfde vingerfout tegen Arno Bezemer.} ({Er zijn
ruim 1000 partijen met} 9. O-O Rb8 {en hier speelde ik in 2010 tegen Leon
Pliester} 10. Na3 O-O (10... a6 11. Ne5) 11. Qb5 b6 12. Qxc4 Ba6 13. Nb5 {
en won een goede partij van Leon. Tegenwoordig schijn deze variant
remiseachtig te zijn.}) 9... O-O {Na 10 minuten. Hier bekroop me het gevoel
dat er iets niet klopte. Ik wist vrijwel zeker dat wit pas Db5 speelt als
zwart Tb8 gedaan heeft, zoals tegen Pliester. Maar als ik rokeer, komt a6 en
kan ik niet meer op c4 nemen. En als ik nu op c4 neem komt b5! wat er doodeng
uitziet. Na een kwartier besloot ik toch maar op c4 te nemen omdat ik geen
concrete weerlegging zag.} 10. Nxc4 $2 {Dat heeft niemand nog gedaan en
terecht.} ({Tegen Arno deed ik verstandiger} 10. O-O a6 11. Ne5 Qxd4 12. Nxc6
Nxc6 {maar speelde nu heel slecht} 13. Rfd1 $2 (13. Bxc6 bxc6 14. Nxc4 {
is onduidelijk en kwam o.a. voor in een partij Swinkels-Hovenga die Alje
keurig remise hield.}) 13... Qxb2 $17 {en zwart staat op winst.}) ({Ik had ook
nog even gekeken naar} 10. Qb5 {maar dat beviel me niet wegens} Qd5) 10... b5
11. Qxb5 Rb8 {Ook na een kwartier en de beste zet.} ({De alternatieven} 11...
Ba6 12. Qc5 Nc2+ 13. Kf1 $13) ({en} 11... Nc2+ 12. Kf1 Nxa1 13. Qxc6 Rb8 14.
Qa4 {zijn allebei onduidelijk.}) 12. Qa4 Nxd4 13. O-O ({Beter dan} 13. Nxd4
Qxd4 14. Rc1 Ba6 $17) 13... Nxe2+ 14. Kh1 Ba6 15. Rfd1 {Na ruim 10 minuten.} ({
Mijn alternatief was} 15. Nce5 {en waarschijnlijk is dat relatief beter. Bijv.}
Qe8 16. Nd7 c5 17. a3 ({Ik had alleen gekeken naar} 17. Nxc5 Qxa4 18. Nxa4 Rfc8
{met groot voordeel voor zwart.}) 17... Bb5 18. Qxa7 Qxd7 19. axb4 Qxa7 20.
Rxa7 Nd4 {en wit doet nog mee al heeft zwart een plusje.}) 15... Qe8 $1 ({
Veel beter dan} 15... Qf6 $2 16. Nce5) ({Ik had ook nog even gekeken naar het
dameoffer} 15... Bxc4 16. Rxd8 Rfxd8 {maar dat is niks na bijv.} 17. Qxa7 $18)
16. Qb3 $6 ({Relatief beter vonden we na afloop} 16. Qxe8 {Ik dacht dat dit
slecht was omdat er een zwart paard op d3 komt. Dat blijkt echter mee te
vallen.} Rfxe8 17. Nce5 f6 {En verder had ik niet gekeken. Maar het was mij
ontgaan dat na} 18. Nd7 Rbd8 ({Het beste lijkt echter} 18... Nd3 19. Rxd3 Bxd3
20. Nxb8 Rxb8 {en zwart heeft een gezonde pluspion.}) 19. Nc5 {veld d3 gedekt
is.}) 16... Nd5 ({Niet slecht, maar ik was banger voor} 16... c5) 17. Qc2 Bxc4
18. Qxc4 Rxb2 19. a4 $2 {Ik wilde Db5 uit de stelling halen.} ({Maar dat kon
ook met het veel sterkere} 19. Rd2 $1 {Bijv.} Rxd2 20. Nxd2 Nec3 21. Rc1 {
en zwart staat voor de keus om een pion terug te geven of om twee paarden voor
een toren te geven. Dat laatste lijkt beter. Bijv.} Qe7 (21... Nb5 22. Bxd5
exd5 23. Qxd5 {met waarschijnlijk voldoende compensatie voor de pion.}) 22.
Rxc3 Nxc3 23. Qxc3 Qf6 $5 {en met een toren en twee pionnen tegen twee stukken
is zwart is degene die op winst speelt.}) 19... Qe7 ({Nog sterker was eerst} 
19... Nec3 20. Rf1 (20. Rd2 Rb4) 20... Qe7 {omdat zwart met Tb4 kan werken.})
20. Rd2 Qf6 {Wit nog 3 kwartier, zwart 35 minuten + 15" increment. Ik sta in
principe op verlies en ga wat sneller spelen om wat psychologische druk uit te
oefenen.} 21. Re1 Rxd2 22. Nxd2 Nec3 23. f4 Rd8 24. Ne4 (24. Nf3 $5) 24... Nxe4
25. Qxe4 ({Ik keek nog even naar het eindspel} 25. Bxe4 Qc3 26. Rc1 Qxc4 27.
Rxc4 {maar na} Ne3 $19 {is het einde verhaal.}) 25... Qc3 26. Rd1 Rb8 27. f5 {
Misschien kan ik nog een beetje irriteren.} Qb3 ({Goed genoeg, maar veel
sterker was} 27... Ne3 {Daan schrok een beetje van} 28. Qb7 {maar dat stelt
niks voor.}) 28. Qd4 c5 {Wit nog een half uur, zwart 12 minuten.} 29. Qd2 Rd8
$2 {Daan was achteraf ook niet tevreden over zijn spel in deze fase van de
partij.} ({Veel beter was} 29... Qb4 {wat weliswaar een pion kost maar zwart
staat vrijwel op winst na} 30. Bxd5 exd5 31. Qxd5 c4 $19 {Maar dat is wel een
lastige beslissing in opkomende tijdnood.}) 30. fxe6 fxe6 31. Qe2 (31. Bh3 $5)
31... Kh8 32. Rf1 Qe3 (32... Ne3 $1 33. Qf3 e5 $19) 33. Qa6 Qe5 34. Qxa7 Ne3 {
Wit nog 20 minuten, zwart iets meer dan 1 minuut.} 35. Qe7 Qb8 $2 {Dat blijkt
de winst weg te geven.} (35... Rg8 $19) {Van alle geesten verlaten blunderde
ik hier met} 36. Rf7 $4 ({Waarom denk ik niet even rustig na. Normaal was} 36.
Re1 $11 {We dachten na afloop dat zwart nog wat had na} Nxg2 37. Kxg2 Qa8+ 38.
Kh3 Rd2 {maar wit heeft} 39. Re4 $11) 36... Rd1+ {Gemist, wit gaat mat.} ({
Ik had gek genoeg alleen even gekeken naar} 36... Qb1+ {maar dat levert niks
op na} 37. Bf1 Qe4+ 38. Kg1 $11) ({Niet relevant maar wel mooi is de zet} 36...
Qa8 {met winst.}) ({mijn zet was sowieso idioot want zelfs na} 36... Rg8 {
heeft wit geen gelijkspel.}) 37. Bf1 Qa8+ {En ik feliciteerde Daan.} 0-1

[Event "Wirtzfeld - Jean Jaurès 6-2"]
[Site "?"]
[Date "2018.10.28"]
[Round "3"]
[White "Witt, Rob"]
[Black "Roeder, Mathias"]
[Result "0-1"]
[WhiteElo "2139"]
[BlackElo "2376"]
[Annotator "Witt"]
[PlyCount "98"]
[EventDate "2018.??.??"]

{Wirtzfeld is de huidige kampioen van België. Als ze kwaad willen kunnen ze
een team van gemiddeld 2500+ opstellen. Tegen ons team (gemiddeld 2193) vonden
ze 2423 voldioende. Op bord 6 trof ik een 52-jarige Duitse IM. Ik had gezien
dat hij de laatste jaren voornamelijk Slavisch speelt evenals twee andere
spelers waar ik even naar gekeken had.} 1. d4 Nf6 {Geen Slavisch dus.} 2. c4 e6
{Hierop speel ik alerlei systemen, maar ik ben nergens echt tevreden over. Na
een paar minuten besloot ik maar weer eens de Nimzo met 4.Dc2 van stal te
halen.} 3. Nc3 Bb4 4. Qc2 d5 5. a3 (5. cxd5 exd5 6. Bg5 h6 {heb ik ook wel
eens op het bord gehad.}) 5... Bxc3+ 6. Qxc3 Ne4 7. Qc2 O-O {Zwart heeft hier
allerlei scherpere voortzettingen.} (7... c5) (7... e5) (7... Nc6 8. e3 e5) 8.
Nf3 b6 9. e3 Bb7 10. Bd3 Nd7 11. O-O c5 12. cxd5 {Ik wilde de stelling
overzichtelijk maken.} ({Ik heb ook overwogen om de spanning te handhaven met} 
12. b3 {In een partij van Van Wely volgde} cxd4 13. exd4 Nef6 14. Ne5 dxc4 15.
bxc4 h6 16. Qe2 Nxe5 17. Qxe5 Rc8 18. Bb2 Qc7 19. Qe2 $11 {(41.½-½) Van Wely,
L (2654)-Nisipeanu,L (2675) Germany 2003}) ({Ik heb niet gekeken naar} 12. b4 {
Dat heeft teamgenoot Ikonnikov een keer tegen mijn tegenstander gespeeld. Daar
volgde} Ndf6 13. dxc5 bxc5 14. Bb2 dxc4 15. Bxc4 cxb4 16. axb4 Rc8 17. Qe2 Nd5
18. Rfc1 a6 19. Bd4 Qe7 20. Qb2 $14 {(51.1-0) Ikonnikov,V (2587)-Roeder,M 
(2423) Vlissingen 2006}) 12... exd5 13. dxc5 Ndxc5 14. b4 Nxd3 15. Qxd3 {
Deze stelling had ik voor ogen toen ik op d5 ruilde. Ik dacht dat ik hier een
risicoloos plusje zou hebben. Dat plusje blijkt echter tegen te vallen. Dat
plusje heeft wit alleen als hij de torens kan ruilen en zijn loper voor het
paard. Maar torens ruilen zit er niet in omdat zwart zijn toren op c4 zet en
die kan wit natuurlijk niet slaan.} Qf6 ({In een rapidpartij ging Anand hier
verder met} 15... Rc8 16. Bb2 Qe7 17. Rac1 Nd6 18. Nd4 Rc4 19. Nf5 Nxf5 20.
Qxf5 Rfc8 21. h3 Qe6 22. Qxe6 fxe6 23. Rxc4 dxc4 24. Rc1 $11 {(40.½-½)
Urkedal,F (2572)-Anand,V (2767) chess.com INT 2018}) {Je kunt hier lang
nadenken zonder tot een conclusie te komen. De keus gaat tussen een torenzet
om met Lb2 te kunnen vervolgen of iets op d4 zetten. Mijn dame op d4 leek me
niet zo nuttig omdat zwart snel een toren naar c4 kan spelen. Een toren op b1
leek me ook niet zo nuttig, maar misschien was dat het beste geweest.} 16. Nd4
Rac8 17. Bb2 Qg6 18. Qe2 {Ik wilde mijn dame omspelen naar f3 maar dat blijkt
niet zo'n goed idee. Het is sowieso lastig om voor wit een constructief plan
te verzinnen. De stelling is gewoon gelijk want zwart kan ook niet veel doen.}
({We hebben niet geanalyseerd. Misschien hoopte zwart op} 18. Rfc1 Nxf2 19.
Qxg6 fxg6) 18... Rc4 19. Rfd1 Rfc8 20. Qf3 $6 {Mijn dame staat beter op d3
maar daarnaast heeft de zet misschien ook een nadeel.} Ng5 {Beide spelers nog
50 minuten.} ({Beide spelers overzien hier een interessante mogelijkheid waar
de engine enthousiast over is.} 20... Rc2 $5 21. Nxc2 Rxc2) 21. Qg3 Ne4 22. Qf3
Ng5 23. Qg3 {Ik had op zich geen bezwaar tegen remise maar ik verwachtte en
hoopte ook dat mijn tegenstander wel zou afwijken.} a6 24. h4 {Een paar zetten
later dacht ik dat dit een fout was, maar er is niks mis mee.} Ne4 25. Qf3 (25.
Qe5 $5) 25... Re8 {Die kwam voor mij onverwacht. Ik begreep dat zijn bedoeling
was om de loper om te spelen Lb7-c8-g4 en daarom dacht ik hier dat mijn h4
niet zo gelukkig was. Ik besloot mijn paard om te spelen naar f4 zodat zijn
loper niet naar g4 kon.} 26. Ne2 Rc2 {Die kwam vreemd genoeg ook als een
verrassing. Er is op zich nog niks aan de hand, maar ik had nu moeten beseffen
dat er iets mis was met mijn concentratie en dat onheil nabij is als ik niet
oplet.} 27. Bd4 Bc8 28. Nf4 Qf5 {Ik werd steeds onzekerder omdat zwart weer
een zet doet die ik niet verwachtte.} ({Ik rekende alleen op} 28... Qh6 {
waarna immers zowel h4 als f2 instaan. Daarop plande ik} 29. Qh5 Qxh5 30. Nxh5
Bg4 31. Nxg7 Rec8 32. f3 {met voordeel dacht ik. Ik had verder moeten kijken
want zwart heeft} Rxg2+ 33. Kxg2 Rc2+ 34. Kg1 Bxf3 {maar gelukkig heeft zwart
niet meer dan eeuwig schaak.}) 29. Rf1 ({De tekstzet leek me veiliger dan} 29.
Nd3 Qg6 30. Rdc1 Rd2 31. Nf4 Qd6 {maar dit lijkt ook te kunnen.}) 29... f6 {
Weer een zet die ik niet verwachtte maar deze blijkt niet zo goed al besefte
ik dat niet tijdens de partij.} ({Ik maakte me zorgen om} 29... Nd2 30. Qg3 f6
31. Rfc1 Ne4 {en nu valt pion f2. Dat blijkt echter niet erg na} 32. Qf3 Rxf2
33. Qh5 $13) 30. Rac1 Rc4 {Wit nog 26 minuten, zwart 14 minuten.} 31. Qh5 $2 {
Direkt na de partij dacht ik dat dit de verliezende zet was, maar dat blijkt
niet het geval.} ({Veel sterker was echter} 31. Bxb6 {wat gewoon een pion wint.
Ik had er wel naar gekeken maar slecht gerekend. Ik dacht dat ik een kwaliteit
verloor met te weinig compensatie na} Nd2 $2 {Wit verliest echter helemaal
geen kwaliteit. Bijv.} 32. Qxd5+ Qxd5 33. Nxd5 Be6 ({of} 33... Bb7 34. Nc7 $16)
34. Nc7 $16) 31... Qxh5 32. Nxh5 Nd2 33. Rfe1 Nb3 {En hier dacht ik dat het
mis was. Ik bekeek eerst de diverse loperzetten na Txc4 dxc4, maar dat leek
allemaal slecht en daarom koos ik maar voor de enige andere torenzet zonder te
beseffen dat dat nog veel slechter was.} 34. Rb1 $2 ({Noodzakelijk was} 34.
Rxc4 dxc4 {en hier keek ik eerst naar} 35. Bxf6 ({Daarna keek ik naar} 35. Bc3
Rd8 36. Nf4 Kf7 {maar dit leek me ook slecht zonder verder te kijken naar bijv.
} 37. h5 g5 38. hxg6+ hxg6 39. e4 g5 40. Nd5 {en ook dit is een onduidelijk
eindspel.}) 35... gxf6 36. Nxf6+ Kf8 37. Nxe8 Kxe8 38. Re2 $44 {en hier stopte
ik en concludeerde volkomen onterecht dat dit slecht is voor wit.}) 34... Nxd4
35. exd4 Rxe1+ 36. Rxe1 Kf7 {Zwart staat op winst. De rest behoeft geen
commentaar.} 37. Nf4 Rxd4 38. g3 g5 39. hxg5 fxg5 40. Ng2 Be6 41. Ne3 Rd3 42.
Rc1 d4 43. Nc4 Rc3 44. Ne5+ Kf6 45. Rxc3 dxc3 46. Nd3 Bc4 47. Nc1 Ke5 48. f3
Kd4 49. Kf2 h5 {Conform de ratingverhouding verloren we met 6-2. Dat was
echter ontzettend geflatteerd. De arme Henk-Jan Visser jammerde het meest. Hij
stond inderdaad lange tijd volkomen gewonnen. Op onnavolgbare wijze gaf hij
uiteindelijk al zijn voordeel weg en verloor zelfs op tijd. Arno heeft op twee
momenten de winst gemist en ook teamleider Chris heeft gewonnen gestaan en in
de slotstelling stond hij ook nog beter maar vergat even zijn klok.} 0-1